Central Library OPAC University of Rajshahi

লোকসাঙ্গীতিকী / (Record no. 47885)

MARC details
000 -LEADER
fixed length control field 00899nam a2200253 a 4500
001 - CONTROL NUMBER
control field 47885
003 - CONTROL NUMBER IDENTIFIER
rucl marc code BD-RjUL
005 - DATE AND TIME OF LATEST TRANSACTION
control field 20211209054421.0
008 - FIXED-LENGTH DATA ELEMENTS--GENERAL INFORMATION
fixed length control field 160810s1998 ii a|||| |||| 00| 0 ben d
020 ## - INTERNATIONAL STANDARD BOOK NUMBER
International Standard Book Number 8171020038
035 ## - SYSTEM CONTROL NUMBER
System control number (BD-RjUL)48004
040 ## - CATALOGING SOURCE
Original cataloging agency BD-RjUL
Language of cataloging ben
Transcribing agency BD-RjUL
041 ## - LANGUAGE CODE
Language code of text/sound track or separate title ben
082 ## - DEWEY DECIMAL CLASSIFICATION NUMBER
Classification number 781.62
Author mark and year ROL 1998
100 ## - MAIN ENTRY--PERSONAL NAME
Personal name রায়, বুদ্ধদেব
9 (RLIN) 145342
245 10 - TITLE STATEMENT
Title লোকসাঙ্গীতিকী /
Statement of responsibility, etc. বুদ্ধদেব রায়
250 ## - EDITION STATEMENT
Edition statement পরিবর্দিত ২য় সং.
260 ## - PUBLICATION, DISTRIBUTION, ETC. (IMPRINT)
Place of publication, distribution, etc. কলিকাতা :
Name of publisher, distributor, etc. ফার্মা কেএলএম,
Date of publication, distribution, etc. ১৯৯৮
300 ## - PHYSICAL DESCRIPTION
Pagination ১৩৮ পৃ. :
Illustrations চিত্র ;
Size ২১ সেমি
504 ## - BIBLIOGRAPHY, ETC. NOTE
Bibliography, etc গ্রন্থপঞ্জি সংযুক্ত
650 ## - SUBJECT ADDED ENTRY--TOPICAL TERM
Topical term or geographic name as entry element লোকসংগীত
9 (RLIN) 120880
Topical term or geographic name as entry element Folk Music
9 (RLIN) 145343
942 ## - ADDED ENTRY ELEMENTS (KOHA)
Source of classification or shelving scheme Dewey Decimal Classification
Koha item type Books
Holdings
Lost status Source of classification or shelving scheme Damaged status Not for loan Collection code Permanent Location Current Location Shelving location Date acquired Source of acquisition Cost, normal purchase price Total Checkouts Full call number Date last seen Copy number Koha item type Date checked out
  Dewey Decimal Classification     Non-fiction Central Library, University of Rajshahi Central Library, University of Rajshahi   15/07/2008 Paragogn Enterprise, Dhaka 75.00   B 781.62 ROL 1998 10/08/2016 C-2 Books  
  Dewey Decimal Classification     Non-fiction Central Library, University of Rajshahi Central Library, University of Rajshahi   15/07/2008 Paragogn Enterprise, Dhaka 75.00   B 781.62 ROL 1998 10/08/2016 C-3 Books  
  Dewey Decimal Classification     Non-fiction Central Library, University of Rajshahi Central Library, University of Rajshahi   15/07/2008 Paragogn Enterprise, Dhaka 75.00 1 B 781.62 ROL 1998 13/03/2017 C-4 Books 28/02/2017
  Dewey Decimal Classification     Non-fiction Central Library, University of Rajshahi Central Library, University of Rajshahi   15/07/2008 Paragon Enterprise Ltd.Dhaka. 75.00 1 B 781.62 ROL 1998 31/07/2023 C-5 Books 25/07/2023
  Dewey Decimal Classification   Not For Loan Non-fiction Central Library, University of Rajshahi Central Library, University of Rajshahi Reading Room 27/07/2005 High Commission of India     B 781.62 ROL 1998 27/10/2018 C-1 Books